| 000 | 00542nam a2200217 a 4500 | ||
|---|---|---|---|
| 999 |
_c6668 _d6668 |
||
| 001 | 6668 | ||
| 003 | BD-JhCC | ||
| 005 | 20180128093939.0 | ||
| 008 | 180128s bg |||| || | 000 0 eng d | ||
| 035 | _a(BD-JhCC)6668 | ||
| 040 |
_aBD-JhCC _dBD-JhCC |
||
| 041 | _aeng | ||
| 082 |
_a297.08 _bHAR 1970 |
||
| 100 | _aHaroon, Sharif Abdullah | ||
| 245 |
_aThoughts On Islam / _cSharif Abdullah Haroon, |
||
| 260 |
_aDacca : _bIslamic Academy, _c1970 |
||
| 300 |
_a130 p. : _c24 cm. |
||
| 650 | _aIslam | ||
| 942 |
_2ddc _cBK |
||